000 006260000a22001810004500
090 _aAR
_b00438
245 1 0 _aMorphology, genetics, and ecology of pocket gophers (<genus Geomys>) in a narrow hybrid zone
650 1 4 _aHibridización
_993404
650 1 4 _aDiferenciación primaria
_993405
651 4 _mOakdale
_dNebraska
_pEstados Unidos
_992749
653 _gGeomys
_eGeomys bursarius
653 _gGeomys
_eGeomys lutescens
041 0 _aInglés
700 1 _aTimm, Robert M.
_993403
100 1 _aHeaney, Lawrence R.
_993406
942 _cARTICULO
773 1 _tBiological Journal of the Linnean Society
_3166
_h25
_q301-317
_d1985
999 _c9534
_d9534